| 000 | 00947nam a2200301 4500 | ||
|---|---|---|---|
| 003 | EG-GICUC | ||
| 005 | 20260510114140.0 | ||
| 008 | 260510s1989 ua ||||fr|||| 00| 0 eng d | ||
| 040 |
_aEG-GiCUC _beng _cEG-GiCUC _dEG-GiCUC _eRda |
||
| 041 | _aeng | ||
| 082 | 0 | 4 |
_221 _a341 _bMO. L |
| 092 | 0 | 4 | _221 |
| 099 | _aLaw1 11 341 MO. L 1989 | ||
| 100 | 1 |
_aMohamed Elrazaz _eAuthor. |
|
| 245 | 1 | 0 |
_aLessons On Legal Terminology / _cMohamed Elrazaz. _nTome Dix-huitièm |
| 264 |
_aCairo: _bCairo University, _c1989. |
||
| 300 |
_a151 page ; _c 24 cm. |
||
| 336 |
_2rda contenu _a texte |
||
| 337 |
_2rda medias _aOrdinateur |
||
| 338 |
_2 transporteur rda _a Ressource en ligne |
||
| 546 | _a Parallel text in Arabic and English | ||
| 650 | 1 |
_aPublic international law _2qrmak |
|
| 650 | 1 |
_aLessons On Legal _2qrmak |
|
| 651 | 1 | _2qrmak | |
| 856 | 4 | 0 | _uhttps://fll.law.cu.edu.eg/fulltext/bks/B11-05497.pdf |
| 905 | _a72 | ||
| 942 |
_2ddc _n0 _cBK _e21 |
||
| 999 |
_c76457 _d76457 |
||